000 00298nam a22001217a 4500
008 180917b xxu||||| |||| 00| 0 eng d
041 _aeng
080 _a321
100 _a16
101 _aPOL
245 _aDubious Conceptions The Politics Of Teenage Pregnacy
_cLuker.K
942 _2udc
_cBK
999 _c47862
_d47862